Donne di cristallo Sara & Amina

Đã lưu trong:
Chi tiết về thư mục
Tác giả chính: Romano, Germano
Định dạng: Sách
Ngôn ngữ:Tiếng Anh
Được phát hành: StreetLib 2023
Các nhãn: Thêm thẻ
Không có thẻ, Là người đầu tiên thẻ bản ghi này!

MARC

LEADER 00000nam a2200000 4500
005 20241009164252.0
008 241009b |||||||| |||| 00| 0 eng d
020 |a 979-1222478883 
040 |c GP 
100 |a Romano, Germano 
245 |a Donne di cristallo  |b Sara & Amina 
260 |b StreetLib  |c 2023 
942 |2 ddc  |c BK  |n 0 
952 |0 0  |1 0  |2 ddc  |4 0  |6 853_920000000000000_ROM  |7 1  |9 2077  |a RM  |b RM  |d 2024-10-09  |l 0  |o 853 92 ROM  |p 832  |r 2024-10-09 16:43:11  |w 2024-10-09  |y BK 
999 |c 1817  |d 1817